000 00447cam a22001217a 4500
008 180718b1995 xxu||||| |||| 00| 0 eng d
082 _aQ11x5421 In2
245 _aProliferation of government personnel in the state of Uttar Pradesh: a study
260 _aLucknow
_bIndian Institute of Public Administration
_c1995
300 _a178p.
650 _aPersonnel, Public - Pay plans - India - Uttar Pradesh
650 _aEmployment - India - Uttar Pradesh
999 _c481574
_d481574